Представление документа в формате RUSMARC

ПолеНазваниеЗначение
  Тип записи a
  Библиографический уровень m
001 Контрольный номер RU/SLIB/B/208740722
005 Дата корректировки 20201206204054.9
010 Индекс ISBN __
d Цена 2600-00
101 Язык документа __
a Язык текста rus
200 Заглавие и сведения об ответственности 0_
a Заглавие Грибы
f Первые сведения об ответственности ил. А. К. Шипиленко
b Общее обозначение материала Текст
210 Выходные данные __
a Место издания М.
c Издательство Изобраз. искусство
d Дата издания 1993
215 Физическое описание __
a Объем 64 с.
c Иллюстрации/тип воспроизводства ил.
606 Тематические рубрики __
a Основная рубрика Лесное хозяйство
606 Тематические рубрики __
a Основная рубрика Лесопользование
610 Ключевые слова __
a Ключевые слова грибы; лесные грибы
686 Индексы других классификаций __
a Классификационный индекс 43.983
700 Автор _1
a Фамилия Никиточкина
b Имя Т. Д.
4 Код отношения 070
801 Источник записи _0
a Страна RU
b Организация Муниципальное бюджетное учреждение культуры "Централизованная библиотечная система" г. Сургут (Центральная городская библиотека им. А. С. Пушкина)
g Правила каталогизации КиК/Елгина
801 Источник записи _1
a Страна RU
b Организация Муниципальное бюджетное учреждение культуры "Централизованная библиотечная система" г. Сургут (Центральная городская библиотека им. А. С. Пушкина)
g Правила каталогизации КиК/Елгина
852 Данные о местонахождении __
j Шифр хранения 43.983
c Каталожный индекс 43.9
i Авторский знак Н 62
p Инвентарный номер 55198
901 Тип документа __
t Тип документа m
990 Данные о заказе (DOS) __
j Количество экземпляров (DOS) 1